Catholic higher education in Protestant America (Record no. 30633)
[ view plain ]
| 000 -LEADER | |
|---|---|
| fixed length control field | 01977nam a2200373Ia 4500 |
| 082 04 - DEWEY DECIMAL CLASSIFICATION NUMBER | |
| Classification number | 378/.0088/22 |
| 100 1# - MAIN ENTRY--AUTHOR NAME | |
| Personal name | Mahoney, Kathleen A. |
| 245 10 - TITLE STATEMENT | |
| Title | Catholic higher education in Protestant America |
| 260 ## - PUBLICATION, DISTRIBUTION, ETC. (IMPRINT) | |
| Place of publication | Baltimore : |
| Name of publisher | Johns Hopkins University Press, |
| Year of publication | 2003. |
| 300 ## - PHYSICAL DESCRIPTION | |
| Number of Pages | x, 347 p. |
| 505 0# - FORMATTED CONTENTS NOTE | |
| Formatted contents note | Between Protestants and Catholics -- The descendants of Luther and the sons of Loyola -- Time, the Harvard Law School controversy and the modern imperative -- Among Catholics -- Persons, the bonds of religion and the claims of class -- Place, Americanism and the higher education of Catholics -- Among Jesuits -- Novus ordo academicus and the travails of adapting. |
| 650 #0 - SUBJECT ADDED ENTRY--TOPICAL TERM | |
| Topical Term | Church and college |
| Topical Term | Catholics |
| Topical Term | Catholic universities and colleges |
| Topical Term | Protestant churches |
| 856 40 - ELECTRONIC LOCATION AND ACCESS | |
| Uniform Resource Identifier | http://site.ebrary.com/lib/rucke/Doc?id=10070268 |
No items available.
